000 00795nmm a2200277 a 4500
003 AR-BaBNM
005 20251128202831.0
008 166019s1960 ||||||||||||||000 | spa||
040 _cAR-BaBNM
100 1 _aVega, Carlos
_d1898-1966
245 1 0 _aLa ciencia del folklore
_bcon aportaciones a su definición y objeto y notas para su historia en la Argentina
260 _aBuenos Aires
_bNova
_c1960
300 0 _a254 p.
_btablas
500 0 _aContiene prefacio en p. 7-12
650 4 _aMUSICA FOLKLORICA
650 4 _aARTE POPULAR
650 4 _aETNOLOGIA
650 4 _aCOSTUMBRES Y TRADICIONES
650 4 _aESTUDIOS CULTURALES
650 4 _aTRADICION ORAL
650 4 _aMUSICA POPULAR
650 4 _aCONDICIONES CULTURALES
651 4 _aArgentina
942 _cBK
998 _cisola
999 _c795
_d795